000 00966nam a2200301 a 4500
003 CHAP
005 20220329143641.0
008 101117s2009 mx 00010 spa d
010 _a99845
011 _a100817
020 _a9786074270501
035 _a111503
040 _cCHAP
090 _aCD - 262
110 0 _aMéxico. Secretaría de Gobernación
_977180
245 1 3 _aCompilación de justicia fiscal federal [Disco compacto]
_c/por México. Secretaría de Gobernación
260 _aMéxico, D.F. :
_bSEGOB,
_c2009
300 _a1 disco compacto ;
_c4 3/4 plgs.
590 _aBATCH-UPD
_b10
_c20130110
_lUCH01
_h1717
590 _aBATCH-UPD
_b10
_c20130410
_lUCH01
_h1101
590 _aBATCH-UPD
_b10
_c20130914
_lUCH01
_h1142
590 _aCONVERSION
_b10
_c20130109
_lUCH01
_h1355
650 0 4 _aDerecho
_xMéxico.
_931865
650 0 4 _aLegislación fiscal.
_965662
901 _aBK
942 _cCD
949 _aCD-262
_bBC
_cCD
_d33724002221819
_eCD
_i111503
_sb
999 _c99845
_d99845